000 00744cab a2200265 4500
001 ABS51562
008 090401t1994 xxu||||| |||| 00| 0 eng d
035 _a(Sirsi) u33470
041 _aeng
100 _aMilner, M.
245 _aHouse building
260 _c1994
350 _a0
490 _aChartered Builder
_v6(8) October 1994, 22-26(4)
520 _aA feature on prefabricated house building systems, both timber and steel framed.
650 _aBRITISH STEEL FRAMING
650 _aPREFABRIACTED BUILDINGS
650 _aPREFABRICATED HOUSING
650 _aSTEEL FRAME
650 _aSUREBUILD LIGHTWEIGHT STEEL FRAME SYSTEM
650 _aTIMBER-FRAME HOUSING
690 _aHOUSING
942 _n0
948 _c04/03/1997
999 _c22359
_d22359